| 000 | 01360cam a2200361 a 4500 | ||
|---|---|---|---|
| 003 | CHAP | ||
| 005 | 20220329142314.0 | ||
| 008 | 000604d1998 co a r 10100 spa d | ||
| 010 | _a81369 | ||
| 011 | _a82341 | ||
| 035 | _a92832 | ||
| 040 | _cCHAP | ||
| 082 | 0 | 4 |
_a633.730861 _bC6 1999 |
| 111 | 0 | 0 |
_aCongreso Nacional de Cafeteros _n(58 : _d1999 : _cSantafé de Bogotá) _926910 |
| 245 | 1 | 0 |
_aInforme del gerente general _c/por Federación Nacional de Cafeteros de Colombia |
| 260 |
_aSantafé de Bogotá : _bFederación Nacional de Cafeteros de Colombia, _c1999. |
||
| 300 |
_a69 p. : _bilus. ; gráfs. |
||
| 590 |
_aBATCH-UPD _b10 _c20130110 _lUCH01 _h0250 |
||
| 590 |
_aBATCH-UPD _b10 _c20130110 _lUCH01 _h2031 |
||
| 590 |
_aBATCH-UPD _b10 _c20130409 _lUCH01 _h2320 |
||
| 590 |
_aBATCH-UPD _b10 _c20130410 _lUCH01 _h1347 |
||
| 590 |
_aBATCH-UPD _b10 _c20130914 _lUCH01 _h0807 |
||
| 590 |
_aCONVERSION _b10 _c20130109 _lUCH01 _h1345 |
||
| 650 | 1 | 4 |
_aCafé _xColombia. _917116 |
| 650 | 1 | 4 |
_aCafé _xCongresos. _917117 |
| 650 | 1 | 4 |
_aCafé _xMercadeo. _917169 |
| 710 | 0 |
_aFederación Nacional de Cafeteros de Colombia. _939931 |
|
| 901 | _aBK | ||
| 905 | _aLilia Sánchez G. | ||
| 942 | _cLIBRO | ||
| 949 |
_a633.730861 C6 1999 _bBC _cLIBRO _d33724000687729 _eLIBRO _fc.2 _h98475 _i92832 _si |
||
| 949 |
_a633.730861 C6 1999 _bBC _cLIBRO _d33724000779096 _eLIBRO _h98130 _i92832 _si |
||
| 999 |
_c81369 _d81369 |
||